|
|
|
|
| LEADER |
01735nam a2200433 a 4500 |
| 001 |
000568257 |
| 003 |
CZ BrMZK |
| 005 |
20070829093804.0 |
| 007 |
ta |
| 008 |
000115s2000 xr e c cze d |
| 015 |
|
|
|a cnb001007438
|
| 020 |
|
|
|a 80-7010-080-X
|
| 035 |
|
|
|a (OCoLC)50340850
|
| 040 |
|
|
|a BOA001
|b cze
|
| 041 |
1 |
|
|a cze
|h cze
|h fre
|
| 043 |
|
|
|a e-xr---
|
| 072 |
|
7 |
|a 72/76
|x Výtvarné umění
|2 Konspekt
|9 21
|
| 080 |
|
|
|a 72/76(437.3)
|2 MRF
|
| 080 |
|
|
|a 7.035.93
|2 MRF
|
| 080 |
|
|
|a 7.036.45
|2 MRF
|
| 080 |
|
|
|a (437.3)
|2 MRF
|
| 080 |
|
|
|a (083.824)
|2 MRF
|
| 100 |
1 |
|
|a Bílek, František,
|d 1872-1941
|7 jk01012048
|4 aut
|
| 245 |
1 |
0 |
|a František Bílek :
|b (1872-1941) /
|c [authors Aleš Filip ... et al. ; catalogue arrangement end editing Hana Larvová]
|
| 260 |
|
|
|a Prague :
|b City Gallery Prague,
|c 2000
|
| 300 |
|
|
|a 426 s. :
|b il. (některé barev.) ;
|c 31 cm
|
| 500 |
|
|
|a Přeloženo z češtiny, částečně z francouzštiny
|
| 500 |
|
|
|a Vydáno u příležitosti výstavy, která se konala v Galerii hlavního města Prahy 10. listopadu 2000 - 4. února 2001
|
| 504 |
|
|
|a Bibliografie na s. 421-426
|
| 600 |
1 |
7 |
|a Bílek, František,
|d 1872-1941
|7 jk01012048
|2 czenas
|
| 650 |
0 |
7 |
|a české výtvarné umění
|7 ph116865
|y 19.-20. stol.
|2 czenas
|
| 650 |
0 |
7 |
|a secesní umění
|7 ph237433
|z Česko
|y 19.-20. stol.
|2 czenas
|
| 650 |
0 |
7 |
|a symbolismus (umění)
|7 ph126349
|z Česko
|y 19.-20. stol.
|2 czenas
|
| 655 |
|
7 |
|a katalogy výstav
|7 fd132536
|2 czenas
|
| 700 |
1 |
|
|a Filip, Aleš,
|d 1964-
|7 jn20001005177
|4 aut
|
| 700 |
1 |
|
|a Larvová, Hana
|7 jx20080207021
|4 edt
|
| 910 |
|
|
|a BOA001
|b 4-1088.754
|
| 990 |
|
|
|a BK
|
| 996 |
6 |
|
|b 2610140614
|c 4-1088.754
|l MZK
|r Sklad / do 1 hodiny
|n 20
|p p.v.
|w 000568257
|u 000010
|a 1
|e BOA001
|j MZK50
|s P
|